000 00475nam a2200181Ia 4500
008 100917s9999 xx 000 0 und d
082 _b62611
100 _aकाळे वैजयंती
245 _aशर्यत
260 _bदिलीप प्रकाशन
_c1983
300 _a286
365 _b40
520 _aकादंबरी
630 _aशर्यत
650 _aकादंबरी
730 _aशर्यत
942 _cBOOK
999 _c668005
_d668002